Antioxidant and cytotoxic activities Alpinia Mutica and Alpinia Pahangensis /
محفوظ في:
| المؤلف الرئيسي: | |
|---|---|
| التنسيق: | أطروحة كتاب |
| اللغة: | English |
| منشور في: |
2011.
|
| الموضوعات: | |
| الوسوم: |
إضافة وسم
لا توجد وسوم, كن أول من يضع وسما على هذه التسجيلة!
|
| LEADER | 00955cam a2200253 a 4500 | ||
|---|---|---|---|
| 001 | u852065 | ||
| 003 | SIRSI | ||
| 005 | 201202281606 | ||
| 008 | 120228s2011 my a t 000 0 eng m | ||
| 040 | |a UMM | ||
| 090 | |a QH302 |b UM 2011 Pha | ||
| 100 | 1 | |a Phang, Chung Weng. | |
| 245 | 1 | 0 | |a Antioxidant and cytotoxic activities Alpinia Mutica and Alpinia Pahangensis / |c Phang Chuag Weng. |
| 260 | |c 2011. | ||
| 300 | |a [1] xxi, 174 [28] leaves : |b ill. ; |c 30 cm. | ||
| 502 | |a Dissertation (M.Sc.) -- Institut Sains Biologi, Fakulti Sains, Universiti Malaya, 2011. | ||
| 504 | |a Bibliography: leaves 108-120. | ||
| 650 | 0 | |a Toxicity testing |x In vitro. | |
| 650 | 0 | |a Thin layer chromatography. | |
| 650 | 0 | |a High performance liquid chromatography. | |
| 710 | 2 | |a Universiti Malaya. |b Institut Sains Biologi. | |
| 900 | |a NHS | ||
| 596 | |a 1 | ||
| 999 | |a QH302 UM 2011 PHA |w LC |c 1 |i A515035614 |d 31/3/2015 |e 17/5/2013 |f 29/6/2012 |g 1 |l STACKS |m P01UTAMA |n 2 |r Y |s Y |t TESIS |u 27/6/2012 | ||
